1571 1336 1643 1770 1428 1978 1659 1771 1183 1459 1460 1589 1086 1122 1751 1672 1675 1535 1738 1801 1377 1633 1763 1966 1284 1515 1674 1615 1630 1816 1276 1702 1496 1268 1541 1400 1847 1955 1437 1555 1345 1466 1173 1779 1818 1184 1081 1044 1124 1813 1381 1584 1246 1837 1460 1404 1461 1824 1952 1439 1195 1863 1511 1855 1219 1300 1880 1827 1424 1809 1055 1688 1084 1152 1113 1805 1215 1585 1575 1361 1106 1394 1546 1111 1886 1853 1134 1457 1052 1254 1200 1474 1727 1140 1499 1096 1162 1592 1713 BCNSPRNW ULIB Ver.6.0+V

เปลี่ยนเป็นภาษาไทย

Change to English
 แสดงรายละเอียดบรรณานุกรม
  กลับหน้าหลัก

Brief Record : Get Marc (ISO 2709) : E-mail record : QR code < ปิดหน้าต่าง
LEADER : 00000nam 2200000uu 4500
001    13399120399
003     ULIB
008    120919s2547||||th 000 0 tha d
020    ^a9749246764
060  4 ^aWA252^bส823ช 2547
245 00 ^aชุมชนสร้างสุข :^bรวมเรื่องราว นวัตกรรมการสร้างสุขภาพ จากชุมชน /^cสำนักงานปฏิรูประบบสุขภาพแห่งชาติ
250    ^aพิมพ์ครั้งที่ 2
260    ^aกรุงเทพฯ :^bสำนักงาน,^c2547
300    ^a359 หน้า :^bภาพประกอบ ;^c16ซม.
650  7 ^aการพัฒนาชุมชน^zไทย^xรวมเรื่อง
650  7 ^aชุมชน^zไทย^xรวมเรื่อง
650  7 ^aชุมชน^xสุขภาพและอนามัย^xรวมเรื่อง
651  7 ^aไทย^xภาวะสังคม^xรวมเรื่อง
700 0  ^aนิรชรา อัศวธีรากุล,^eบรรณาธิการ
710 2  ^aสำนักงานปฏิรูประบบสุขภาพแห่งชาติ
945    ^p0^l0^i24023
995    ^aกัณชพร
999 ^a ใช้งานได้ทุกระบบ
รายการนี้ยังไม่มีแท็ก
คุณยังไม่ได้ล็อกอิน คุณสามารถมีกิจกรรมร่วมกับเว็บไซต์ได้ แต่ต้องล็อกอินก่อน ::
  ล็อกอิน

รายการสื่อสารสนเทศ

ลำดับที่ ประเภท เลขเรียก/บาร์โค้ด สถานที่ สถานะ
1. วิทยาศาสตร์การแพทย์ และสุขภาพ
วิทยาศาสตร์การแพทย์ และสุขภาพ
WA252 ส823ช 2547  
  Barcode: 24023
ห้องสมุดวิทยาเขตสวรรค์ประชารักษ์
►หนังสือทั่วไป
บนชั้น

BibComment


ยังไม่เคยถูกคอมเมนท์

คอมเมนท์ทรัพยากรรายการนี้
  คอมเมนท์: ชุมชนสร้างสุข ร..


 Copyright 2026. Bcnsprnw @Library